Kliknij powiaty województwa łódzkiego na mapie - Statystyki

Ogólne statystyki
  • Ten quiz został rozwiązany 1 665 razy
  • Średni wynik to 16 z 24
Odpowiedzi na mapie
Odpowiedzi zakodowano w zielono-czerwonej skali na mapie do tego quizu, zgodnie z poniższymi procentami.
 
Statystyki odpowiedzi
Odpowiedź % Poprawnych
Łódź
92%
piotrkowski
83%
łódzki wschodni
81%
Piotrków Trybunalski
80%
Skierniewice
78%
skierniewicki
77%
zgierski
70%
pabianicki
68%
łowicki
67%
kutnowski
66%
radomszczański
66%
bełchatowski
64%
rawski
59%
sieradzki
59%
tomaszowski
59%
opoczyński
57%
brzeziński
55%
łaski
54%
pajęczański
54%
poddębicki
54%
wieluński
54%
wieruszowski
54%
łęczycki
51%
zduńskowolski
49%
Nie znaleziono quizów pasujących do podanych kryteriów
Rozkład punktacji
Procent ludzi z każdym wynikiem
Percentyl według liczby udzielonych odpowiedzi
Twoja historia wyników
Nie rozwiązałeś tego quizu